An autobiography /

Bibliographic Details
Main Author: Gough, John B. (John Bartholomew), 1817-1886
Format: Microform Book
Language:English
Published: Boston : The author, 1845.
Edition:8th thousand.
Subjects:

MARC

Tag First Indicator Second Indicator Subfields
LEADER 00000cam a2200000 a 4500
001 in00000214189
005 20151009062228.0
007 he ecrdbem
008 780227s1845 mau b 00010aeng
035 |a (OCoLC)03672991 
035 |9 AAX7630AM 
040 |a DLC  |c RRR  |d RRR  |d TXA  |d UtOrBLW 
049 |a TXAI 
082 0 |a 923 
099 |a fiche  |a C  |a 4437 
100 1 |a Gough, John B.  |q (John Bartholomew),  |d 1817-1886. 
245 1 3 |a An autobiography /  |c by John B. Gough. 
250 |a 8th thousand. 
264 1 |a Boston :  |b The author,  |c 1845. 
300 |a 172 pages ;  |c 16 cm. 
336 |a text  |b txt  |2 rdacontent 
337 |a microform  |b h  |2 rdamedia 
338 |a microfiche  |b he  |2 rdacarrier 
500 |a "Sabin : 28079." 
500 |a "Copied from the original in the Library of Congress." 
533 |a Microfiche.  |b Louisville, [Ky.] :  |c Lost Cause Press,  |d 1977.  |e 3 microfiches : negative ; 11 x 15 cm.  |f (Selected Americana from Sabin's Dictionary of books relating to America) 
500 |a Microform. 
600 1 0 |a Gough, John B.  |q (John Bartholomew),  |d 1817-1886. 
999 |a MARS 
999 f f |s 6ed02e78-590d-3656-95c6-77264a03b80b  |i 6493e88f-e00e-38d1-8db1-7090eaddffce  |t 0 
952 f f |p normal  |a Texas A&M University  |b College Station  |c Sterling C. Evans Library  |d Evans: Microforms (3rd floor)  |t 0  |e fiche C 4437  |h Other scheme  |i microform -- microfiche  |m A14821691758 
998 f f |a fiche C 4437  |t 0  |l Evans: Microforms (3rd floor)